மாமன்னன் சங்கிலியன்

Saved in:
Bibliographic Details
Main Author: குணராசா, க.
Format: Book
Language:English
Sinhalese
Published: யாழ்ப்பாணம்: கமலம்;
Tags: Add Tag
No Tags, Be the first to tag this record!

MARC

LEADER 00000nam a22000007a 4500
003 LK-PpPL
005 20230125153129.0
008 230125b |||||||| |||| 00| 0 eng d
020 |a 9789551624187 
040 |a LK-PpPL  |b tam  |d LK-PpPL 
041 |a sin  |h தமிழ் 
082 |a 894.8113 
100 |a குணராசா, க. 
245 |a மாமன்னன் சங்கிலியன்  |c குணராசா, க. 
260 |a யாழ்ப்பாணம்:  |b கமலம்; 
300 |a ப.227;  |c ச.மீ.22. 
942 |c LBK 
999 |c 6288  |d 6288